000 00714nam a2200205 i 4500
001 188329
003 SpMaBN
005 20230906223154.0
008 180807s1927 fr |||| |bfre d
080 _a929 Enrique IV, Rey de Francia
100 1 _aLanux, Pierre de.
_9165328
245 1 3 _aLa vie de Henri IV /
_cpar Pierre de Lanux.
260 _aParis :
_bLib. Gallimard,
_c1927.
300 _a215 p., [1] de lám. ;
_c19 cm.
490 1 _aVies des hommes illustres ;
_v5
600 0 7 _aEnrique
_bIV
_cRey de Francia.
_947271
830 0 _aVies des hommes illustres ;
_v5
_9182839
852 _aES-MaACL
_jL-32232
_z. - Donat. herederos de la bibl. de Mª del Pilar Costa Palacín
999 _c188329
_d188329